| 000 | 00864nam a2200229 a 4500 | ||
|---|---|---|---|
| 001 | 000047286 | ||
| 005 | 20201002053521.0 | ||
| 008 | 180426s2017 dr a 000 0 spa d | ||
| 020 | _a9789945195248 | ||
| 040 |
_aDO-SdBNP _bspa _cBNPHU |
||
| 082 |
_axxxx _bI37L, 2do, 2017 |
||
| 100 | 1 |
_aIncháustegui, María Isabel _929568 |
|
| 245 | 1 | 0 |
_aLengua española 2 : _beducación primaria / _cMaría Isabel Incháustegui ; dirección editorial Claudia Llibre; Ilustración Rudy Núñez. |
| 250 | _a2a. ed. | ||
| 260 |
_aSanto Domingo : _bSantillana, _c2017. |
||
| 300 |
_a2v. : _bil. ; _c28 cm. + _eCD-ROM |
||
| 500 | _aActualización según el nuevo diseño curricular actual | ||
| 505 | 0 |
_gv.1. _tLibro texto _gv.2 _tCuaderno fichas de actividades |
|
| 590 | _aInventariado,2018/MFF | ||
| 700 | 1 |
_aNúñez, Ruddy, _eil. _923171 |
|
| 700 | 1 |
_aLlibre, Claudia _eed. _930462 |
|
| 999 |
_c46774 _d46774 |
||